00262nam a2200097Ia 4500008004100000245006400041260002800105300001000133650001100143650001000154220216s9999 xx 000 0 und d 0aPerformance of clones in commercial practice : First report bPlanters Bulletinc1965 a25-32 aRubber aYield